Homenaje a México : (Record no. 81144)

MARC details
000 -LEADER
campo de control de longitud fija 01390nam a2200325 i 4500
001 - NÚMERO DE CONTROL
campo de control 81144
003 - IDENTIFICADOR DE NÚMERO DE CONTROL
campo de control ES-MaACL
005 - FECHA Y HORA DE LA ÚLTIMA TRANSACCIÓN
campo de control 20240208155509.0
007 - CAMPO FIJO DE DESCRIPCIÓN FÍSICA--INFORMACIÓN GENERAL
campo de control de longitud fija t|
008 - DATOS DE LONGITUD FIJA--INFORMACIÓN GENERAL
campo de control de longitud fija 041103s1983 mx ||||1| spa d
040 ## - FUENTE DE CATALOGACIÓN
Centro/agencia transcriptor ES-MaACL
080 ## - NÚMERO DE LA CLASIFICACIÓN DECIMAL UNIVERSAL
Número de la Clasificación Decimal Universal 75.036/.037(460)
080 ## - NÚMERO DE LA CLASIFICACIÓN DECIMAL UNIVERSAL
Número de la Clasificación Decimal Universal 821.134.2-14"19"(082.2)
080 ## - NÚMERO DE LA CLASIFICACIÓN DECIMAL UNIVERSAL
Número de la Clasificación Decimal Universal 929-054.7(=1.460:72)"19"
245 00 - MENCIÓN DEL TÍTULO
Título Homenaje a México :
Resto del título [historia contemporánea de una emigración, España 1939, México 1979] /
Nombre de parte o sección de la obra coordinación y dirección general, Moisés Gamero de la Fuente ; ayudante, Diana Ramírez.
260 ## - PUBLICACIÓN, DISTRIBUCIÓN, ETC.
Lugar de publicación, distribución, etc. México :
Nombre del editor, distribuidor, etc. Ateneo Español de México,
Fecha de publicación, distribución, etc. 1983.
300 ## - DESCRIPCIÓN FÍSICA
Extensión [237] páginas :
Otras características físicas ilustraciones (blanco y negro y color) ;
Dimensiones 36 cm.
650 #4 - PUNTO DE ACCESO ADICIONAL DE MATERIA--TÉRMINO DE MATERIA
9 (RLIN) 12674
Término de materia o nombre geográfico como elemento de entrada Exiliados españoles-
Subdivisión geográfica México
650 #4 - PUNTO DE ACCESO ADICIONAL DE MATERIA--TÉRMINO DE MATERIA
9 (RLIN) 16221
Término de materia o nombre geográfico como elemento de entrada Poesías españolas-
Subdivisión cronológica S.XX
650 #4 - PUNTO DE ACCESO ADICIONAL DE MATERIA--TÉRMINO DE MATERIA
9 (RLIN) 16042
Término de materia o nombre geográfico como elemento de entrada Pintura española-
Subdivisión cronológica S.XX
700 1# - ENTRADA AGREGADA--NOMBRE PERSONAL
Nombre de persona Gamero de la Fuente, Moisés.
9 (RLIN) 53783
Término indicativo de función/relación Editor literario
700 1# - ENTRADA AGREGADA--NOMBRE PERSONAL
Nombre de persona Ramírez, Diana.
9 (RLIN) 95087
Término indicativo de función/relación Colaborador
710 2# - ENTRADA AGREGADA--NOMBRE DE ENTIDAD CORPORATIVA
Nombre de entidad corporativa o nombre de jurisdicción como elemento de entrada Ateneo Español de México
9 (RLIN) 2039
Término indicativo de función/relación Editor
852 ## - LOCALIZACIÓN
Ubicación ES-MaACL
itemnumber 84142
Número de control de estantería N-8182/Ej.1
Sublocalización o colección R. 117122
Ubicación en estantería Depósito J
Donativo/Legado Donación: Ateneo Español de México
Nota libre Duplicado
Encuadernación Encuadernación: cartoné
852 ## - LOCALIZACIÓN
Ubicación ES-MaACL
itemnumber 84143
Sublocalización o colección R.106103
Número de control de estantería L-5760
Ubicación en estantería Depósito 2
Encuadernación Encuadernación: cartoné
942 ## - ELEMENTOS DE ENTRADA SECUNDARIOS (KOHA)
Tipo de ítem Koha Libro impreso
Suprimir en OPAC No
Holdings
Estatus retirado Estado de pérdida Fuente del sistema de clasificación o colocación Estado de daño Restricciones de uso No para préstamo Biblioteca de origen Biblioteca actual Ubicación en estantería Fecha de adquisición Fuente de adquisición Total de préstamos Signatura topográfica completa Código de barras Visto por última vez Tipo de ítem Koha Precio de reemplazo
    Clasificación decimal universal   Duplicado   Biblioteca del Ateneo de Madrid Biblioteca del Ateneo de Madrid Depósito J 31/10/2022 Donación   N-8182/Ej.1 101206655 23/02/2023 Libro impreso  
    Clasificación decimal universal       Biblioteca del Ateneo de Madrid Biblioteca del Ateneo de Madrid Depósito 2 17/01/2008     L-5760 1084824 23/02/2023 Libro impreso 23/02/2023